00490cam a22001457a 4500008003600000082001500036100002400051245006000075260002700135300001000162440004700172650002000219999001900239952008600258180718b xxu||||| |||| 00| 0 eng d aZ211 K897c aKrishnamurthy, K.H. aCoconut, supari, kikar and cathacby K.H. Krishnamurthy aDelhibBooks For Allc a116p. aHealth series: traditional family medicine aFamily medicine c400419d400419 00104070aIIPAbIIPAd2002-10-21oZ211 K897cp66604r2018-07-21w2018-07-21yBK